|
|
|
|
| LEADER |
00000cam a22000004a 4500 |
| 001 |
musev2_73426 |
| 003 |
MdBmJHUP |
| 005 |
20230905051559.0 |
| 006 |
m o d |
| 007 |
cr||||||||nn|n |
| 008 |
171219s2017 nyu o 00 0 eng d |
| 020 |
|
|
|a 9781787441408
|
| 020 |
|
|
|z 9781580469074
|
| 035 |
|
|
|a (OCoLC)1015888155
|
| 040 |
|
|
|a MdBmJHUP
|c MdBmJHUP
|
| 100 |
1 |
|
|a Callebert, Ralph,
|d 1982-
|e author.
|
| 245 |
1 |
0 |
|a On Durban's Docks :
|b Zulu Workers, Rural Households, Global Labor /
|c Ralph Callebert.
|
| 264 |
|
1 |
|a Rochester :
|b University of Rochester Press,
|c 2017.
|
| 264 |
|
3 |
|a Baltimore, Md. :
|b Project MUSE,
|c 2021
|
| 264 |
|
4 |
|c ©2017.
|
| 300 |
|
|
|a 1 online resource (252 pages).
|
| 336 |
|
|
|a text
|b txt
|2 rdacontent
|
| 337 |
|
|
|a computer
|b c
|2 rdamedia
|
| 338 |
|
|
|a online resource
|b cr
|2 rdacarrier
|
| 490 |
0 |
|
|a Rochester studies in African history and the diaspora
|
| 505 |
0 |
|
|a Introduction: Dock workers in South African history -- Dock workers and the city, 1910s to 1950s -- One head of cattle named Salt, another named Beans: livelihood strategies in the 1950s -- Work and life between the city and the countryside -- My children never went to bed hungry: gender, households, and reproductive labor -- Cleaning the wharves: pilferage, bribery, and informal trade -- Buffaloes on Noah's ark: reimagining working-class history -- Conclusion: Durban's dock workers in global perspective.
|
| 588 |
|
|
|a Description based on print version record.
|
| 650 |
|
7 |
|a Zulu (African people)
|x Economic conditions.
|2 fast
|0 (OCoLC)fst01184888
|
| 650 |
|
7 |
|a Social conditions.
|2 fast
|0 (OCoLC)fst01919811
|
| 650 |
|
7 |
|a Rural-urban relations.
|2 fast
|0 (OCoLC)fst01201131
|
| 650 |
|
7 |
|a Labor.
|2 fast
|0 (OCoLC)fst00989798
|
| 650 |
|
7 |
|a Economic history.
|2 fast
|0 (OCoLC)fst00901974
|
| 650 |
|
7 |
|a BUSINESS & ECONOMICS / International / General
|2 bisacsh
|
| 650 |
|
7 |
|a BUSINESS & ECONOMICS / International / Economics
|2 bisacsh
|
| 650 |
|
0 |
|a Rural-urban relations
|z South Africa
|z Durban.
|
| 650 |
|
0 |
|a Zulu (African people)
|x Social conditions
|y 20th century.
|
| 650 |
|
0 |
|a Zulu (African people)
|x Economic conditions
|y 20th century.
|
| 650 |
|
0 |
|a Labor
|z South Africa
|z Durban
|x History
|y 20th century.
|
| 650 |
|
0 |
|a Stevedores
|z South Africa
|z Durban
|x Social conditions
|y 20th century.
|
| 650 |
|
0 |
|a Stevedores
|z South Africa
|z Durban
|x Economic conditions
|y 20th century.
|
| 651 |
|
7 |
|a South Africa
|z Durban.
|2 fast
|0 (OCoLC)fst01206419
|
| 651 |
|
0 |
|a Durban (South Africa)
|x Social conditions
|y 20th century.
|
| 651 |
|
0 |
|a Durban (South Africa)
|x Economic conditions
|y 20th century.
|
| 655 |
|
7 |
|a History.
|2 fast
|0 (OCoLC)fst01411628
|
| 655 |
|
7 |
|a Electronic books.
|2 local
|
| 710 |
2 |
|
|a Project Muse.
|e distributor
|
| 830 |
|
0 |
|a Book collections on Project MUSE.
|
| 856 |
4 |
0 |
|z Texto completo
|u https://projectmuse.uam.elogim.com/book/73426/
|
| 945 |
|
|
|a Project MUSE - Custom Collection
|
| 945 |
|
|
|a Project MUSE - Archive Complete Supplement IX
|
| 945 |
|
|
|a Project MUSE - Archive History Supplement IX
|
| 945 |
|
|
|a Project MUSE - Archive African Studies Supplement VIII
|